99 Babynamen der Woche 13/26' - Statistiken

Allgemein
  • Dieses Quiz wurde 6 mal gespielt
  • Das Durchschnittsergebnis liegt bei 53 aus 99
Antwortstatistiken
📍 Vorname % Korrekt
An.a ♀️ Anna
100%
Be.j.m.n ♂️ Benjamin
100%
B.u.o ♂️ Bruno
100%
Em.l.o ♂️ Emilio
100%
E.w.n ♂️ Erwin
100%
Fr..d.i.h ♂️ Friedrich
100%
Gu.t.v ♂️ Gustav
100%
Ha.s ♂️ Hans
100%
J.k.b ♂️ Jakob
100%
Jo.n ♂️ John
100%
K.t..r..a ♀️ Katharina
100%
Le.a ♀️ Lena
100%
L.o ♂️ Leo
100%
M.r.a ♀️ Maria
100%
R.f.e.a ♀️ Rafaela
100%
St.f..o ♂️ Stefano
100%
Th.l.a ♀️ Thalia
100%
Ti.l ♂️ Till
100%
T.m ♂️ Tom
100%
C.c.l ♂️ Cecil
83%
Ch..l.t.e ♀️ Charlotte
83%
De.l.v ♂️ Detlev
83%
Em.l.a ♀️ Emilia
83%
G.b..e.a ♀️ Gabriela
83%
H.g.n ♂️ Hagen
83%
H.b..t.s ♂️ Hubertus
83%
I.a ♀️ Ida
83%
Iv.n ♂️ Ivan
83%
J.l.e ♀️ Julie
83%
Ku.t ♂️ Kurt
83%
Le.p..d ♂️ Leopold
83%
Ma.a ♀️ Maya
83%
Me.l.n ♂️ Merlin
83%
M.r..z ♂️ Moritz
83%
N.t..n ♂️ Nathan
83%
N.o ♂️ Neo
83%
W.l.i ♂️ Willi
83%
Am.l.a ♀️ Amalia
67%
An.g.r ♂️ Ansgar
67%
A.t.r ♂️ Artur
67%
Dr.g.n ♂️ Dragan
67%
H.n.y ♂️ Henry
67%
J.l..s ♂️ Julius
67%
Ko.r.d ♂️ Konrad
67%
M.d.y ♀️ Maddy
67%
No.a ♀️ Nora
67%
V.l..t.n ♂️ Valentin
67%
Ba.n.b.s ♂️ Barnabas
50%
Co.s.a..e ♀️ Constanze
50%
D.r..n ♀️ Doreen
50%
Le..a.t ♂️ Lennart
50%
L.t..r ♂️ Lothar
50%
Ly.n ♂️ Lyon
50%
M.l.n ♂️ Milan
50%
Mi.a ♀️ Mira
50%
N.r ♀️ Nur
50%
Ra.n.r ♂️ Rainer
50%
R.b.n ♂️ Ruben
50%
W.n.y ♀️ Wendy
50%
Ze.o ♂️ Zeno
50%
B.i.n ♂️ Brian
33%
E.i.n ♂️ Elian
33%
E.i.a ♀️ Elina
33%
Em.e.t ♂️ Emmett
33%
Ha.i ♂️ Hadi
33%
H.l.a ♀️ Helia
33%
K.e.l ♂️ Kjell
33%
M.d..a ♀️ Medina
33%
R.l.y ♀️ Riley
33%
S.n.a ♀️ Sonja
33%
We.z.l ♂️ Wenzel
33%
Al..t.r ♂️ Alister
17%
Am..a ♀️ Amara
17%
C.r.o ♂️ Carlo
17%
D.n.e ♂️ Dante
17%
E.v.n ♂️ Edvin
17%
Fl.v.a.a ♀️ Flaviana
17%
Gy.a ♀️ Gyda
17%
H.l.e ♂️ Helge
17%
J.l.a ♀️ Jolla
17%
J.v..n ♂️ Jovann
17%
L.m.a ♀️ Limea
17%
L.c..t.a ♀️ Lucretia
17%
Ny.m.h ♂️ Nyemah
17%
Pr..p..o ♂️ Prospero
17%
Y.s.r ♂️ Yasir
17%
Al.s.a ♀️ Alysha
0%
Aw..a ♀️ Awina
0%
B.l.e ♀️ Bilge
0%
K.j..a ♀️ Kijara
0%
Lu.o ♂️ Lupo
0%
Ma.l.a ♀️ Maylea
0%
S.m..l ♂️ Samiel
0%
Sw..t.k ♂️ Swastik
0%
T.a.o ♂️ Thabo
0%
T.l..n ♂️ Tilian
0%
V.n.a ♀️ Vanda
0%
Vi.n.e ♀️ Vienne
0%
Vi.g.n.e ♀️ Virginie
0%
Keine übereinstimmenden Quizze gefunden
Verteilung der Resultate
Anzahl Personen mit jedem Resultat
Perzentil nach korrekt beantworteten Fragen
Ihre Resultats-Entwicklung
Sie haben dieses Quiz noch nicht gespielt